00601nam a2200181Ia 4500952014600000999001700146003000400163005001700167008004100184040000900225082001800234100001900252245004000271260003700311300000900348650002000357942004200377 00102ddc40708ISLAMaMESbMEScISLd2019-02-20g150.00l5m9o297.29 AHM/Ip38166r2023-07-12 10:00:41s2023-03-30w2019-02-20yBKzGL46R2 c23222d23222OSt20200323141437.0190216s9999||||xx |||||||||||||| ||und|| coclc a297.29bAHM/I aAhmed, Z92183 0aIslam Universal Religion /cZ Ahmed bRoyal Publishers,c1990.aDelhi: a158p aIslamic History cBK2ddch297.29iAHM/Ik297.29mAHM/I